000 00300nam a22001217a 4500
008 230629b xxu||||| |||| 00| 0 eng d
082 _a346.043
_bLUM
100 _cKenya Land Alliance
245 _aThe National Land Policy in Kenya
260 _bKenya Land Alliance
300 _a9p
942 _2ddc
_cBK
999 _c3096
_d3096